[Event "Sanxenxo op 4th"]
[Site "Sanxenxo"]
[Date "2007.06.16"]
[Round "1"]
[White "Wippermann, Till"]
[Black "Espasa Gonzalez, Jaume"]
[Result "1-0"]
[WhiteElo "2410"]
[BlackElo "1886"]
[PlyCount "47"]
[EventDate "2007.06.16"]
[EventType "swiss"]
[EventRounds "9"]
[EventCountry "ESP"]
[SourceTitle "CBM 118 Extra"]
[Source "ChessBase"]
[SourceDate "2007.07.04"]
[SourceVersion "1"]
[SourceVersionDate "2007.07.04"]
[SourceQuality "1"]

1. e4 c5 2. Nc3 d6 3. f4 Nc6 4. Nf3 e6 5. g3 Nf6 6. Bg2 Be7 7. d3 0-0 8. 0-0 Rb8 9. h3 a6 10. g4 Bd7 11. Ne2 e5 12. Ng3 b5 13. g5 Ne8 14. f5 f6 15. g6 hxg6 16. fxg6 f5 17. exf5 Nf6 18. Ng5 d5 19. Nh7 Be8 20. Nxf6+ Rxf6 21. Qh5 Bxg6 22. fxg6 Rxf1+ 23. Kxf1 Bf6 24. Nf5 1-0

[Event "BCF-chT4 0607 (4NCL)"]
[Site "Sunningdale"]
[Date "2007.05.28"]
[Round "11.51"]
[White "Tavoularis, Nicholas"]
[Black "Wippermann, Till"]
[Result "0-1"]
[WhiteElo "2265"]
[BlackElo "2422"]
[PlyCount "64"]
[EventDate "2006.09.16"]
[EventType "team-tourn"]
[EventRounds "11"]
[EventCountry "ENG"]
[SourceTitle "EXT 2008"]
[Source "ChessBase"]
[SourceDate "2007.11.25"]
[SourceVersion "1"]
[SourceVersionDate "2007.11.25"]
[SourceQuality "1"]
[WhiteTeam "Coventry"]
[BlackTeam "Celtic Tigers"]
[WhiteTeamCountry "ENG"]
[BlackTeamCountry "ENG"]

1. e4 c5 2. Nf3 Nc6 3. c3 Nf6 4. e5 Nd5 5. d4 cxd4 6. cxd4 d6 7. Bc4 Nb6 8. Bb5 Bd7 9. exd6 e6 10. 0-0 Bxd6 11. Nc3 0-0 12. d5 exd5 13. Nxd5 Nxd5 14. Qxd5 Be6 15. Qh5 Qf6 16. Be3 Ne5 17. Nd4 Ng4 18. Nxe6 Qxe6 19. Rfe1 g6 20. Qh3 Bxh2+ 21. Kh1 Bf4 22. Bd4 Qd5 23. Qxg4 Qxd4 24. Qe2 Bd6 25. g3 a6 26. Rad1 Qf6 27. Bc4 Bb4 28. Rf1 Rae8 29. Qd3 b5 30. Qb3 Bc5 31. Bd3 Qf3+ 32. Kh2 Re5 0-1

[Event "BL2-Sued 0607"]
[Site "Germany"]
[Date "2007.03.18"]
[Round "7.1"]
[White "Wippermann, Till"]
[Black "Schenk, Andreas"]
[Result "1/2-1/2"]
[WhiteElo "2425"]
[BlackElo "2510"]
[PlyCount "69"]
[EventDate "2006.10.15"]
[EventType "team-tourn"]
[EventRounds "9"]
[EventCountry "GER"]
[SourceTitle "EXT 2008"]
[Source "ChessBase"]
[SourceDate "2007.11.25"]
[SourceVersion "1"]
[SourceVersionDate "2007.11.25"]
[SourceQuality "1"]
[WhiteTeam "Kirchheim"]
[BlackTeam "Baden-Baden II"]
[WhiteTeamCountry "GER"]
[BlackTeamCountry "GER"]

1. e4 c5 2. Nf3 d6 3. Bb5+ Nd7 4. d4 Ngf6 5. e5 Qa5+ 6. Nc3 Nd5 7. Bd2 Nxc3 8. Bxd7+ Bxd7 9. Bxc3 Qa6 10. Qd2 0-0-0 11. dxc5 dxc5 12. Rd1 g5 13. Ba5 b6 14. e6 fxe6 15. Bc3 Rg8 16. Ne5 Qb5 17. a4 Qxa4 18. 0-0 Bg7 19. b3 Qe4 20. Nxd7 Bxc3 21. Nxb6+ axb6 22. Qxc3 Rxd1 23. Rxd1 Rd8 24. Re1 Qf5 25. b4 Rd4 26. bxc5 Qxc5 27. Qe3 Qd5 28. c4 Rxc4 29. Qxb6 Kd7 30. h3 Rd4 31. Qa7+ Ke8 32. Qb8+ Kd7 33. Qa7+ Ke8 34. Qb8+ Kd7 35. Qa7+ 1/2-1/2

[Event "BL2-Sued 0607"]
[Site "Germany"]
[Date "2007.02.04"]
[Round "5.1"]
[White "Wippermann, Till"]
[Black "Delemarre, Jop"]
[Result "1-0"]
[WhiteElo "2425"]
[BlackElo "2455"]
[PlyCount "81"]
[EventDate "2006.10.15"]
[EventType "team-tourn"]
[EventRounds "9"]
[EventCountry "GER"]
[SourceTitle "EXT 2008"]
[Source "ChessBase"]
[SourceDate "2007.11.25"]
[SourceVersion "1"]
[SourceVersionDate "2007.11.25"]
[SourceQuality "1"]
[WhiteTeam "Kirchheim"]
[BlackTeam "Karlsruhe"]
[WhiteTeamCountry "GER"]
[BlackTeamCountry "GER"]

1. e4 c5 2. Nc3 Nc6 3. f4 g6 4. Nf3 Bg7 5. Bb5 Nd4 6. 0-0 a6 7. Bd3 d6 8. Nxd4 cxd4 9. Ne2 Nf6 10. Kh1 e5 11. c3 0-0 12. cxd4 exd4 13. Nxd4 Re8 14. Qf3 Qb6 15. Nc2 Bd7 16. Ne3 Qd4 17. Nc2 Qb6 18. Ne3 Bc6 19. Nd5 Qd4 20. Nxf6+ Bxf6 21. Re1 Bh4 22. Qe3 Qg7 23. Re2 f5 24. e5 dxe5 25. fxe5 f4 26. Qh3 g5 27. Bc4+ Kh8 28. d4 b5 29. Bb3 Rad8 30. Bd2 Rxd4 31. Bc3 f3 32. Bxd4 fxe2 33. Qe3 Rd8 34. Bc3 b4 35. Bxb4 Qb7 36. Bc3 Qxb3 37. axb3 Rd1+ 38. Qg1 Rxg1+ 39. Kxg1 g4 40. Rxa6 Be4 41. Ra4 1-0

[Event "Gibraltar Masters"]
[Site "Gibraltar"]
[Date "2007.01.30"]
[Round "7"]
[White "Wippermann, Till"]
[Black "Al Modiahki, Mohamad"]
[Result "0-1"]
[WhiteElo "2403"]
[BlackElo "2556"]
[PlyCount "90"]
[EventDate "2007.01.23"]
[EventType "swiss"]
[EventRounds "9"]
[EventCountry "ENG"]
[SourceTitle "CBM 116 Extra"]
[Source "ChessBase"]
[SourceDate "2007.03.07"]
[SourceVersion "1"]
[SourceVersionDate "2007.03.07"]
[SourceQuality "1"]

1. e4 c5 2. Nf3 e6 3. b3 b6 4. d4 cxd4 5. Nxd4 Bc5 6. c3 Bb7 7. Bd3 Qf6 8. Qe2 Bxd4 9. cxd4 Nc6 10. e5 Qh4 11. Qe4 Qxe4+ 12. Bxe4 0-0-0 13. Bb2 Nb4 14. Nc3 d5 15. Bb1 Ba6 16. a4 Ne7 17. Nb5 Kd7 18. Kd2 Nbc6 19. Bd3 f6 20. exf6 gxf6 21. Nxa7 Bxd3 22. Nxc6 Nxc6 23. Kxd3 Rhg8 24. g3 e5 25. Rhe1 e4+ 26. Kd2 Nb4 27. Ba3 Nd3 28. Rf1 f5 29. f3 Ke6 30. Ra2 Rc8 31. Rc2 Rxc2+ 32. Kxc2 h5 33. fxe4 dxe4 34. d5+ Ke5 35. Be7 Rc8+ 36. Kd2 Nc5 37. Bg5 Nxb3+ 38. Ke1 Nd4 39. Be3 Kxd5 40. Bxd4 Rc1+ 41. Kd2 Rxf1 42. Bxb6 Rh1 43. h4 Ra1 44. a5 Ra3 45. Bc7 e3+ 0-1

[Event "Gibraltar Masters"]
[Site "Gibraltar"]
[Date "2007.01.27"]
[Round "5"]
[White "Sandipan, Chanda"]
[Black "Wippermann, Till"]
[Result "1/2-1/2"]
[WhiteElo "2561"]
[BlackElo "2403"]
[PlyCount "101"]
[EventDate "2007.01.23"]
[EventType "swiss"]
[EventRounds "9"]
[EventCountry "ENG"]
[SourceTitle "CBM 116 Extra"]
[Source "ChessBase"]
[SourceDate "2007.03.07"]
[SourceVersion "1"]
[SourceVersionDate "2007.03.07"]
[SourceQuality "1"]

1. e4 c5 2. Nf3 Nc6 3. Bb5 g6 4. 0-0 Bg7 5. c3 Nf6 6. e5 Nd5 7. d4 cxd4 8. cxd4 0-0 9. Nc3 Nc7 10. Bf4 Nxb5 11. Nxb5 a6 12. Nc3 d6 13. exd6 exd6 14. h3 Re8 15. Qd2 d5 16. Rfe1 Rxe1+ 17. Rxe1 Be6 18. Ne5 Qb6 19. Nxc6 Qxc6 20. Be5 f6 21. Bf4 Bf8 22. a3 Bf7 23. Rc1 Rc8 24. Nd1 Qxc1 25. Qxc1 Rxc1 26. Bxc1 Be8 27. g4 Kf7 28. Kg2 Ke6 29. f4 Bb5 30. Kf3 Bd6 31. Nf2 a5 32. Bd2 b6 33. Nh1 Bd3 34. Ng3 f5 35. g5 Bf8 36. Ke3 Bc4 37. h4 h5 38. Nh1 Kd7 39. Nf2 Kc6 40. Nd1 Bb3 41. Nc3 Bc2 42. Ke2 Bd6 43. Ke3 Bb3 44. Ne2 Bd1 45. Nc1 Bc2 46. Nd3 Bxd3 47. Kxd3 a4 48. Kc3 b5 49. b4 axb3 50. Kxb3 Kb6 51. Kb2 1/2-1/2